000 00223nam a22000977a 4500
008 160519b xxu||||| |||| 00| 0 eng d
041 _aeng
080 _a573
245 _aAnimal parasiyology:
_cRobert Hegner;
942 _2udc
_cBK
999 _c2255
_d2255